00924nam a22002177a 45000010005000000030006000050050017000110080041000280400029000690500009000980820011001071000009001182450029001272600041001563000058001975050007002555200338002625210028006005210018006286500060006467026FISKH20250619091701.0250619b cb ||||| |||| 00| 0 eng d aFISKHbengcFISKHdFISKH aPZ7  a599.7  aCac  aBaby animals / cBy Cac  aWisconsin : bGolden Press, c1978.  a10 unnumbered pages : bcolor illustrations ; c18 cm aE  aThis book features a collection of adorable baby animals—bear cubs, kittens, ducklings, lion cubs, and more—each accompanied by a simple sentence or two highlighting their behavior or characteristics. The focus is on introducing young children to animal names and basic traits through Williams’s warm, realistic illustrations 8 a200 bLexile estimate 8 aE bRaz-Plus  aAnimal Life vEarly Literacy xPicture BookyNature